| Tag |
First Indicator |
Second Indicator |
Subfields |
| LEADER |
00000pam a2200000 4500 |
| 001 |
in00000455821 |
| 005 |
20151012095918.0 |
| 008 |
731002s1974 nyu b 00000 eng |
| 010 |
|
|
|a 73017280
|
| 020 |
|
|
|a 0231036620
|
| 020 |
|
|
|a 0231036639 (pbk.)
|
| 035 |
|
|
|a (OCoLC)00724362
|
| 035 |
|
|
|9 ABZ1426AM
|
| 040 |
|
|
|a DLC
|c DLC
|d TXA
|d UtOrBLW
|
| 049 |
|
|
|a TXAM
|c [716963]
|
| 050 |
0 |
0 |
|a HV11
|b .T75
|
| 082 |
0 |
|
|a 361/.007/2
|
| 100 |
1 |
|
|a Tripodi, Tony.
|
| 245 |
1 |
0 |
|a Uses & abuses of social research in social work.
|
| 264 |
|
1 |
|a New York :
|b Columbia University Press,
|c 1974.
|
| 300 |
|
|
|a xii, 222 pages ;
|c 23 cm.
|
| 336 |
|
|
|a text
|b txt
|2 rdacontent
|
| 337 |
|
|
|a unmediated
|b n
|2 rdamedia
|
| 338 |
|
|
|a volume
|b nc
|2 rdacarrier
|
| 504 |
|
|
|a Includes bibliographical references.
|
| 650 |
|
0 |
|a Social service
|x Research.
|
| 650 |
|
0 |
|a Social service.
|
| 650 |
|
0 |
|a Sociology
|x Research.
|
| 999 |
|
|
|a MARS
|
| 999 |
f |
f |
|s 6ee6fb60-5fb3-3f78-a767-e807f8b84ca2
|i 9f43c8ef-51cd-3fe8-ba90-7cdd48dcbc01
|t 0
|
| 952 |
f |
f |
|p ric
|a Texas A&M University
|b Rellis Campus
|c Joint Library Facility
|d Remote Storage
|t 0
|e HV11 .T75
|h Library of Congress classification
|i unmediated -- volume
|m A14803008452
|
| 998 |
f |
f |
|a HV11 .T75
|t 0
|l Remote Storage
|